ბათუმის შოთა რუსთაველის სახელმწიფო უნივერსიტეტის ბიბლიოთეკა

History of world seapower (ბიბ.ჩანაწერი № 46600)

000 -LEADER
fixed length control field 00492nam a2200205Ia 4500
001 - CONTROL NUMBER
control field 13440
003 - CONTROL NUMBER IDENTIFIER
control field GE_BSU
008 - FIXED-LENGTH DATA ELEMENTS--GENERAL INFORMATION
fixed length control field 181216s||||||||xx |||||||||||||| ||und||
020 ## - INTERNATIONAL STANDARD BOOK NUMBER
International Standard Book Number 9780603037238
040 ## - CATALOGING SOURCE
Transcribing agency GE_BSU
080 ## - UNIVERSAL DECIMAL CLASSIFICATION NUMBER
Universal Decimal Classification number 94(410.1)
100 ## - MAIN ENTRY--PERSONAL NAME
Personal name Brett,Bernard
245 ## - TITLE STATEMENT
Title History of world seapower
260 ## - PUBLICATION, DISTRIBUTION, ETC.
Place of publication, distribution, etc. London
260 ## - PUBLICATION, DISTRIBUTION, ETC.
Date of publication, distribution, etc. 1985
300 ## - PHYSICAL DESCRIPTION
Extent 256p.ill.30cm.
653 ## - INDEX TERM--UNCONTROLLED
Uncontrolled term History of world seapower
653 ## - INDEX TERM--UNCONTROLLED
Uncontrolled term მსოფლიო ისტორია
942 ## - ADDED ENTRY ELEMENTS (KOHA)
Koha item type წიგნი
ეგზემპლარები
Withdrawn status Lost status Damaged status Not for loan Date acquired Barcode Date last seen Price effective from Koha item type
        2018-12-17 36790 2018-12-17 2018-12-17 წიგნი